Heat pipes /

Guardado en:
Autor Principal: Dunn, P. D. 1927-
Otros Autores: Reay, D. A.
Formato: Libro
Idioma:English
Publicado: Oxford [Eng.] : Pergamon Press, 1978.
Edición:2d ed.
Materias:
Etiquetas: Agregar Etiqueta
Sin Etiquetas, Sea el primero en etiquetar este registro!
LEADER 00872cam a22002775a 4500
001 EIQ.libpla001281
008 770920s1978####enka#####b####001#0#eng#d
005 20071218153138.0
245 1 0 |a Heat pipes /  |c P. Dunn and D. A. Reay. 
250 |a 2d ed. 
260 |a Oxford [Eng.] :  |b Pergamon Press,  |c 1978. 
300 |a x, 334 p. :  |b il. ;  |c 25 cm. 
504 |a Bibliografía: p. 312-317. 
500 |a Incluye índice. 
020 |a 0080221270. 
020 |a 0080221289 (pbk) 
100 1 |a Dunn, P. D.  |q (Peter D.),  |d 1927- 
700 1 |a Reay, D. A.  |q (David Anthony). 
082 0 0 |a 621.4/025 
650 4 |a Calor  |x Transferencia. 
650 4 |a Intercambiadores de calor  |x Aplicaciones. 
650 4 |a Heat  |x Transfer. 
650 4 |a Heat exchangers  |x Applications. 
010 |a  77030268  
040 |a DLC  |c DLC  |d AR-BbSID 
859 |a AR-BbSID  |b BIB. PLAPIQUI  |h 621.402 5  |i D 922  |p 810